Rendezvénytrendek a Congressline Kft.-nál

Bibliográfiai részletek
Szerző: Severa Vivien
További közreműködők: Róbert Nóra
Dokumentumtípus: Projektmunka
Kulcsszavak:digitalizáció
fenntarthatóság
rendezvények
rendezvényszervezés
tudományos konferencia
Online Access:http://dolgozattar.uni-bge.hu/60040

MARC

LEADER 00000nnm a2200000 i 4500
001 dolg60040
005 20260409145915.0
008 260409suuuu hu o 000 hun d
040 |a BGE Dolgozattár Repozitórium  |b hun 
041 |a hu 
100 1 |a Severa Vivien 
245 1 0 |a Rendezvénytrendek a Congressline Kft.-nál  |c Severa Vivien  |h [elektronikus dokumentum] 
516 |a Project_work 
520 3 |a Projektmunkám 6 részre osztható fel. Az első rész a bevezetésről szól, melyben bemutatom miért ezt a témát választottam, a projektmunkám célját, illetve azon kérdéseket, melyre a vizsgálatom végére érve válaszokat adok. A második részben a rendezvényszervezés elméletét, feladatait tekintem át. A vizsgálatok anyaga és módszer részhez érkezve, bemutatom szekunder és primer feltárás elemeit. Vizsgálati eredmények elején a kérdőív kérdésekkel foglalkozva a kutatói kérdések nagy részére válaszokat kitisztázva indulok tovább a mélyinterjú elemzésre. A projektmunka végén, a már említett válaszadás következik, javaslat tétel és az elhagyhatatlan összefoglalás. 
695 |a digitalizáció 
695 |a fenntarthatóság 
695 |a rendezvények 
695 |a rendezvényszervezés 
695 |a tudományos konferencia 
700 1 |a Róbert Nóra  |e ths 
856 4 0 |u http://dolgozattar.uni-bge.hu/60040/1/Severa%20Vivien%20Rendezv%C3%A9nytrendek%20a%20Congressline%20Kft.-n%C3%A1l%20Projektmunka.pdf  |z Dokumentum-elérés 
856 4 0 |u http://dolgozattar.uni-bge.hu/60040/2/Severa%20Vivien_konzulens_R%C3%B3bert%20N%C3%B3ra.pdf  |z Dokumentum-elérés